Νανοσωματίδια χρυσού και η αλληλεπίδρασή τους με έμβιους οργανισμούς
Η παρούσα διπλωματική εργασία αποτελεί μια αναφορά στις αλληλεπιδράσεις μεταξύ των νανοσωματιδίων χρυσού (AuNPs) με έμβιους οργανισμούς. Τα AuNPs χαρακτηρίζονται από μοναδικές οπτικές ιδιότητες, φωτοκαταλυτική δράση, χημική σταθερότητα αλλά και ευκολία στην σύνθεση και τη λειτουργία τους. Βρίσκουν ε...
Αποθηκεύτηκε σε:
| Κύριος συγγραφέας: | |
|---|---|
| Συγγραφή απο Οργανισμό/Αρχή: | |
| Μορφή: | Thesis Βιβλίο |
| Γλώσσα: | Greek |
| Δημοσίευση: |
2014.
|
| Θέματα: | |
| Διαθέσιμο Online: | http://hdl.handle.net/11610/14798 |
| Ετικέτες: |
Προσθήκη ετικέτας
Δεν υπάρχουν, Καταχωρήστε ετικέτα πρώτοι!
|
MARC
| LEADER | 00000cam a2200000 a 4500 | ||
|---|---|---|---|
| 001 | 1/108019 | ||
| 008 | 150820s2014####gr | ||| |||| ||gre|| | ||
| 040 | |a GR-MyUa |b gre |c GR-MyUa |e AACR2 | ||
| 041 | 0 | |a gre | |
| 082 | 7 | |a 363.738 |2 (23) | |
| 100 | 1 | |a Λεγάτου, Μαρίνα. | |
| 245 | 1 | 0 | |a Νανοσωματίδια χρυσού και η αλληλεπίδρασή τους με έμβιους οργανισμούς / |c Λεγάτου Μαρίνα ; επιβλέπων καθηγητής: Μπίσκος Γεώργιος. |
| 260 | |c 2014. | ||
| 300 | |a 62 σ. : |b πίν. ; |c 30 εκ. | ||
| 502 | |a Διατριβή (μεταπτυχιακή) - Πανεπιστήμιο Αιγαίου, Λέσβος, 2014. | ||
| 504 | |a Βιβλιογραφία: σ. 57-62. | ||
| 506 | 0 | |a Ηλεκτρονική διάθεση στο πλήρες κείμενο - ελεύθερης πρόσβασης. | |
| 520 | 8 | |a Η παρούσα διπλωματική εργασία αποτελεί μια αναφορά στις αλληλεπιδράσεις μεταξύ των νανοσωματιδίων χρυσού (AuNPs) με έμβιους οργανισμούς. Τα AuNPs χαρακτηρίζονται από μοναδικές οπτικές ιδιότητες, φωτοκαταλυτική δράση, χημική σταθερότητα αλλά και ευκολία στην σύνθεση και τη λειτουργία τους. Βρίσκουν εφαρμογή στον κλάδο της Βιοϊατρικής σε μελέτες χημικής ανίχνευσης, σε βιολογικές απεικονίσεις, στη χορήγηση φαρμάκων και στη θεραπεία του καρκίνου. Στη συγκεκριμένη εργασία παρουσιάζονται οι μέθοδοι σύνθεσης των AuNPs αλλά και η τοξική τους επίδραση σε στελέχη βακτηρίων (Gram θετικών και αρνητικών),σε ποντίκια και σε ανθρώπινα κύτταρα. Τα αποτελέσματα των πειραμάτων ήταν ποικίλα επιβεβαιώνοντας την αβεβαιότητα που διέπει τις μελέτες νανοτοξικότητας μέχρι σήμερα και την ανάγκη για συνέχιση της ερευνητικής προσπάθειας. | |
| 540 | |a Κλειδωμένη η δυνατότητα αντιγραφής (copy) από το ηλεκτρονικό αρχείο. | ||
| 650 | 0 | |a Gold |x Toxicology. | |
| 650 | 0 | |a Gold |x Physiological effect. | |
| 650 | 0 | |a Nanoparticles |x Toxicology. | |
| 650 | 0 | |a Nanoparticles |x Environmental aspects. | |
| 700 | 1 | |a Μπίσκος, Γεώργιος, |e dgs | |
| 710 | 2 | |a Πανεπιστήμιο Αιγαίου |b Σχολή Περιβάλλοντος |b Τμήμα Περιβάλλοντος |b Θεοφράστειο Πρόγραμμα Μεταπτυχιακών Σπουδών Περιβαλλοντική και Οικολογική Μηχανική. | |
| 852 | |a INST |b LESVOS |c DIATR |e 20150820 |h 277 |p 005100056743 |q 005100056743 |t MTXE |y 23 | ||
| 852 | |a INST |b LESVOS |c DIATR |e 20150820 |h 278 |p 005100056744 |q 005100056744 |t MTXE |y 23 | ||
| 856 | |u http://hdl.handle.net/11610/14798 | ||
| 924 | |a Λεγάτου |b Μαρίνα |y Λέσβος |z 2014-03 | ||
| 970 | |a Τζαφέρη |b Ευαγγελία |z 20-08-2015 | ||